000 00703nam a2200277Ia 4500
005 20260121125100.0
008 008 260114s9999 xx 000 0 eng d
020 _a9780300262421
037 _aEBOOK
040 _aCRL
040 _beng
040 _cCRL
041 _2eng
041 _aeng
084 _qCRL
100 _aLambert, Andrew
_9986945
245 4 _aThe British Way of War: Julian Corbett and the Battle for a National Strategy
260 _bWalter de Gruyter
260 _bWalter de Gruyter
260 _c2021
650 _aHistory
_9986946
856 _uhttp://www.degruyter.com/isbn/9780300262421
942 _cEBOOK
999 _c1559369
_d1559369